000 00895nam a2200253Ia 4500
003 OSt
005 20221005112226.0
006 a|||||r|||| 00| 0
007 ta
008 221004b |||||||| |||| 00| 0 pan d
020 _a8171433480 (hbk)
_c140
024 _a2430
037 _b695, 16/01/2013, Bright Book Service
_cTextual
040 _aCRL
_cCRL
_bpan
041 _2pan
_apan
082 _aO153:g(Q8441), P3
100 _aਮੁਖਬੈਨ ਸਿੰਘ
245 0 _aਮਿਥ, ਦਰFਨ ਤੇ ਚਿਹਨ Fਾਸਤਰ
260 _aਅੰਮ੍ਰਿਤਸਰ
_bਰਵੀ ਸਾਹਿਤ ਪ੍ਰਕਾFਨ ਭਾਰਤ
_c2003
300 _a136ਪੰ
_ccm.
650 _aਪੰਜਾਬੀ ਸਾਹਿਤ
942 _hO153:g(Q8441), P3
_cTEXL
_2cc
999 _c1024250
_d1024250